00000000nam 2200000za 4500
0019.822164
003CaOODSP
00520250611103734
007cr |||||||||||
008160808s2011    onc|||||o    f|0| 0 ind d
040 |aCaOODSP|bfre
043 |an-cn---
0861 |aA15-11508/2011Ind-PDF|zA15-11508/2011Id-PDF
24501|a[Homard et crabe des neiges canadiens] : |h[ressource électronique] : |b[toute la fraîcheur de l'océan].
24613|aLobster dan Kepiting Salju Kanada : |bSegar dari Lautan
250 |a[Édition indonésien].
260 |a[Ottawa : |bAgriculture et Agroalimentaire Canada, |cc2011].
300 |a2 p. : |bphotographies.
500 |aTitre français fourni par l'éditeur.
500 |aPublié aussi en français sous le titre : Homard et crabe des neiges canadiens : toute la fraîcheur de l'océan.
500 |aPublié aussi en japonais, coréen, espagnol, chinois, allemand, russe, et anglais.
520 |aSi le homard ou le crabe des neiges représente pour vous le fruit de mer idéal, alors le Canada a tout un festin à vous proposer. Le Canada est le plus gros exportateur mondial de ces deux produits en termes de valeur. Nos eaux pures et froides hébergent les deux espèces en abondance, et notre engagement à l’égard de la qualité, de la fraîcheur et du goût assure une reconnaissance mondiale pour ces deux spécialités canadiennes.
546 |aTexte en indonésien.
69207|2gccst|aIndustrie agro-alimentaire
7101 |aCanada. |bAgriculture et agroalimentaire Canada.
77508|tHomard et crabe des neiges canadiens : |w(CaOODSP)9.639278
791 |t[Canadian lobster and snow crab |eeng|w(CaOODSP)9.822038
85640|qPDF|s386 Ko|uhttps://publications.gc.ca/collections/collection_2016/aac-aafc/A15-11508-2011-ind.pdf
986 |aAAFC No. 11508IND